<?xml version="1.0" encoding="UTF-8"?>
<record
    xmlns:xsi="http://www.w3.org/2001/XMLSchema-instance"
    xsi:schemaLocation="http://www.loc.gov/MARC21/slim http://www.loc.gov/standards/marcxml/schema/MARC21slim.xsd"
    xmlns="http://www.loc.gov/MARC21/slim">

  <leader>01563nam0a2200361   4500</leader>
  <controlfield tag="001">RU\NLR\bibl\748133</controlfield>
  <controlfield tag="005">20250630111741.0</controlfield>
  <datafield tag="010" ind1=" " ind2=" ">
    <subfield code="a">5-7793-0798-9</subfield>
    <subfield code="9">3000</subfield>
  </datafield>
  <datafield tag="021" ind1=" " ind2=" ">
    <subfield code="a">RU</subfield>
    <subfield code="b">2005-88&#x438;</subfield>
    <subfield code="9">8&#x438;</subfield>
  </datafield>
  <datafield tag="035" ind1=" " ind2=" ">
    <subfield code="a">(NLR Aleph) 000737952</subfield>
  </datafield>
  <datafield tag="090" ind1=" " ind2=" ">
    <subfield code="a">804112</subfield>
    <subfield code="c">804112</subfield>
  </datafield>
  <datafield tag="100" ind1=" " ind2=" ">
    <subfield code="a">20050413d2004    |||y0rusy50      ca</subfield>
  </datafield>
  <datafield tag="101" ind1="1" ind2=" ">
    <subfield code="a">rus</subfield>
    <subfield code="c">und</subfield>
  </datafield>
  <datafield tag="102" ind1=" " ind2=" ">
    <subfield code="a">RU</subfield>
  </datafield>
  <datafield tag="105" ind1=" " ind2=" ">
    <subfield code="a">a   |||||||||</subfield>
  </datafield>
  <datafield tag="200" ind1="1" ind2=" ">
    <subfield code="a">&#x418;&#x441;&#x43A;&#x443;&#x441;&#x441;&#x442;&#x432;&#x43E; &#x432;&#x438;&#x442;&#x440;&#x430;&#x436;&#x430;</subfield>
    <subfield code="e">&#x43E;&#x442; &#x438;&#x441;&#x442;&#x43E;&#x43A;&#x43E;&#x432; &#x43A; &#x441;&#x43E;&#x432;&#x440;&#x435;&#x43C;&#x435;&#x43D;&#x43D;&#x43E;&#x441;&#x442;&#x438;</subfield>
    <subfield code="e">[&#x430;&#x43B;&#x44C;&#x431;&#x43E;&#x43C;]</subfield>
    <subfield code="f">&#x412;&#x438;&#x440;&#x434;&#x436;&#x438;&#x43D;&#x438;&#x44F; &#x427;&#x438;&#x444;&#x444;&#x43E; &#x420;&#x430;&#x433;&#x438;&#x43D; &#x438; &#x41C;&#x44D;&#x440;&#x438; &#x41A;&#x43B;&#x435;&#x440;&#x43A;&#x438;&#x43D; &#x425;&#x438;&#x433;&#x433;&#x438;&#x43D;&#x441;</subfield>
    <subfield code="g">[&#x43F;&#x435;&#x440;.: &#x41C;. &#x411;&#x443;&#x43D;&#x435;&#x435;&#x432;&#x430;]</subfield>
  </datafield>
  <datafield tag="210" ind1=" " ind2=" ">
    <subfield code="a">&#x41C;&#x43E;&#x441;&#x43A;&#x432;&#x430;</subfield>
    <subfield code="c">&#x411;&#x435;&#x43B;&#x44B;&#x439; &#x433;&#x43E;&#x440;&#x43E;&#x434;</subfield>
    <subfield code="d">cop. 2004</subfield>
  </datafield>
  <datafield tag="215" ind1=" " ind2=" ">
    <subfield code="a">288 &#x441;.</subfield>
    <subfield code="c">&#x438;&#x43B;., &#x446;&#x432;. &#x438;&#x43B;.</subfield>
    <subfield code="d">29</subfield>
  </datafield>
  <datafield tag="225" ind1="1" ind2=" ">
    <subfield code="a">&#x42D;&#x43D;&#x446;&#x438;&#x43A;&#x43B;&#x43E;&#x43F;&#x435;&#x434;&#x438;&#x44F; &#x43C;&#x438;&#x440;&#x43E;&#x432;&#x43E;&#x433;&#x43E; &#x438;&#x441;&#x43A;&#x443;&#x441;&#x441;&#x442;&#x432;&#x430;</subfield>
  </datafield>
  <datafield tag="300" ind1=" " ind2=" ">
    <subfield code="a">&#x41D;&#x430; 3-&#x439; &#x441;. &#x441;&#x443;&#x43F;&#x435;&#x440;&#x43E;&#x431;&#x43B;. &#x430;&#x432;&#x442;.: &#x412;. &#x427;. &#x420;&#x430;&#x433;&#x438;&#x43D;, &#x43F;&#x440;&#x43E;&#x444;. &#x438;&#x441;&#x442;&#x43E;&#x440;&#x438;&#x438; &#x438;&#x441;&#x43A;&#x443;&#x441;&#x441;&#x442;&#x432;&#x430;, &#x41C;. &#x41A;. &#x425;&#x438;&#x433;&#x433;&#x438;&#x43D;&#x441;, &#x445;&#x443;&#x434;&#x43E;&#x436;.-&#x440;&#x435;&#x441;&#x442;&#x430;&#x432;&#x440;&#x430;&#x442;&#x43E;&#x440;</subfield>
  </datafield>
  <datafield tag="300" ind1=" " ind2=" ">
    <subfield code="a">&#x41D;&#x430; &#x43E;&#x431;&#x43B;. &#x438; &#x441;&#x443;&#x43F;&#x435;&#x440;&#x43E;&#x431;&#x43B;. &#x430;&#x432;&#x442;. &#x43D;&#x435; &#x443;&#x43A;&#x430;&#x437;&#x430;&#x43D;&#x44B;</subfield>
  </datafield>
  <datafield tag="320" ind1=" " ind2=" ">
    <subfield code="a">&#x411;&#x438;&#x431;&#x43B;&#x438;&#x43E;&#x433;&#x440;.: &#x441;. 283-286</subfield>
  </datafield>
  <datafield tag="320" ind1=" " ind2=" ">
    <subfield code="a">&#x418;&#x43C;&#x435;&#x43D;. &#x443;&#x43A;&#x430;&#x437;.: &#x441;. 287</subfield>
  </datafield>
  <datafield tag="606" ind1="1" ind2=" ">
    <subfield code="a">&#x412;&#x438;&#x442;&#x440;&#x430;&#x436;&#x438;</subfield>
    <subfield code="j">&#x410;&#x43B;&#x44C;&#x431;&#x43E;&#x43C;&#x44B;</subfield>
    <subfield code="x">&#x418;&#x441;&#x442;&#x43E;&#x440;&#x438;&#x44F;</subfield>
    <subfield code="9">2095743</subfield>
    <subfield code="3">RU\NLR\auth\661268030</subfield>
  </datafield>
  <datafield tag="686" ind1=" " ind2=" ">
    <subfield code="a">&#x429;143(0)-461.4&#x44F;61</subfield>
  </datafield>
  <datafield tag="700" ind1=" " ind2="1">
    <subfield code="a">&#x420;&#x430;&#x433;&#x438;&#x43D;</subfield>
    <subfield code="b">&#x412;. &#x427;.</subfield>
    <subfield code="g">&#x412;&#x438;&#x440;&#x434;&#x436;&#x438;&#x43D;&#x438;&#x44F; &#x427;&#x438;&#x444;&#x444;&#x43E;</subfield>
    <subfield code="4">070</subfield>
  </datafield>
  <datafield tag="701" ind1=" " ind2="1">
    <subfield code="a">&#x425;&#x438;&#x433;&#x433;&#x438;&#x43D;&#x441;</subfield>
    <subfield code="b">&#x41C;. &#x41A;.</subfield>
    <subfield code="g">&#x41C;&#x44D;&#x440;&#x438; &#x41A;&#x43B;&#x435;&#x440;&#x43A;&#x438;&#x43D;</subfield>
    <subfield code="4">070</subfield>
  </datafield>
  <datafield tag="801" ind1=" " ind2="0">
    <subfield code="a">RU</subfield>
    <subfield code="b">NLR</subfield>
    <subfield code="c">20050413</subfield>
    <subfield code="g">rcr</subfield>
  </datafield>
  <datafield tag="801" ind1=" " ind2="1">
    <subfield code="a">RU</subfield>
    <subfield code="b">NLR</subfield>
    <subfield code="c">20050413</subfield>
  </datafield>
  <datafield tag="942" ind1=" " ind2=" ">
    <subfield code="c">BOOK</subfield>
  </datafield>
  <datafield tag="980" ind1=" " ind2=" ">
    <subfield code="a">NB</subfield>
  </datafield>
  <datafield tag="995" ind1=" " ind2=" ">
    <subfield code="5">2005-04-13</subfield>
    <subfield code="a">ad</subfield>
    <subfield code="b">NLR02</subfield>
    <subfield code="c">NLR02</subfield>
    <subfield code="e">EST</subfield>
    <subfield code="f">895269</subfield>
    <subfield code="k">&#x42D; &#x410;&#x43B;&#x418;&#x441;625/2-54</subfield>
    <subfield code="o">0</subfield>
    <subfield code="r">BOOK</subfield>
    <subfield code="s">_625254</subfield>
  </datafield>
  <datafield tag="995" ind1=" " ind2=" ">
    <subfield code="5">2005-04-13</subfield>
    <subfield code="a">ad</subfield>
    <subfield code="b">NLR02</subfield>
    <subfield code="c">NLR02</subfield>
    <subfield code="e">EST</subfield>
    <subfield code="f">895271</subfield>
    <subfield code="k">&#x42D; &#x410;&#x43B;&#x418;&#x441;625/2-54</subfield>
    <subfield code="o">0</subfield>
    <subfield code="r">BOOK</subfield>
    <subfield code="s">_625254</subfield>
  </datafield>
  <datafield tag="995" ind1=" " ind2=" ">
    <subfield code="5">2005-09-02</subfield>
    <subfield code="a">aa</subfield>
    <subfield code="b">NLR01</subfield>
    <subfield code="c">NLR01</subfield>
    <subfield code="e">OZ2</subfield>
    <subfield code="f">1-460335</subfield>
    <subfield code="k">&#x41B;1 &#x429;14 &#x411;&#x424;/&#x420;-142</subfield>
    <subfield code="o">0</subfield>
    <subfield code="p">1271.60</subfield>
    <subfield code="r">BOOK</subfield>
    <subfield code="s">1_14142</subfield>
  </datafield>
  <datafield tag="995" ind1=" " ind2=" ">
    <subfield code="5">2005-09-02</subfield>
    <subfield code="a">aa</subfield>
    <subfield code="b">NLR03</subfield>
    <subfield code="c">NLR03</subfield>
    <subfield code="e">UJZ</subfield>
    <subfield code="f">1-225334</subfield>
    <subfield code="k">&#x42E; &#x429;113/&#x420;-14</subfield>
    <subfield code="o">0</subfield>
    <subfield code="p">1271.60</subfield>
    <subfield code="r">BOOK</subfield>
    <subfield code="s">_11314</subfield>
  </datafield>
  <datafield tag="995" ind1=" " ind2=" ">
    <subfield code="5">2007-02-19</subfield>
    <subfield code="a">aa</subfield>
    <subfield code="b">NLR02</subfield>
    <subfield code="c">NLR02</subfield>
    <subfield code="e">UCHZ</subfield>
    <subfield code="f">1-135323</subfield>
    <subfield code="k">&#x423;  &#x429;14/&#x420;-142</subfield>
    <subfield code="o">0</subfield>
    <subfield code="p">1271.60</subfield>
    <subfield code="r">BOOK</subfield>
    <subfield code="s">_14142</subfield>
  </datafield>
  <datafield tag="995" ind1=" " ind2=" ">
    <subfield code="5">2007-02-19</subfield>
    <subfield code="a">aa</subfield>
    <subfield code="b">NLR01</subfield>
    <subfield code="c">NLR01</subfield>
    <subfield code="e">OBM</subfield>
    <subfield code="f">1-4329084</subfield>
    <subfield code="o">0</subfield>
    <subfield code="p">500.00</subfield>
    <subfield code="r">BOOK</subfield>
    <subfield code="v">2001</subfield>
  </datafield>
</record>
